[Event "Titled Tuesday intern op 11th Apr Early"]
[Site "Chess.com INT"]
[Date "2023.04.11"]
[Round "9"]
[White "Kiseleva, Arina"]
[Black "Van Osch, Mees"]
[Result "0-1"]
[WhiteElo "1962"]
[BlackElo "2339"]
[PlyCount "106"]
[EventDate "2023.04.11"]
[EventType "swiss (blitz)"]
[EventRounds "11"]
[EventCountry "USA"]
[SourceTitle "CBM 213 Extra"]
[Source "ChessBase"]
[SourceDate "2023.05.31"]
[SourceVersion "1"]
[SourceVersionDate "2023.05.31"]
[SourceQuality "1"]

1. d4 d6 2. Nf3 Nf6 3. c4 c5 4. d5 b5 5. cxb5 a6 6. b6 g6 7. Nc3 Bg7 8. Nd2 e6 9. dxe6 Bxe6 10. e4 0-0 11. Nc4 d5 12. exd5 Nxd5 13. Nxd5 Bxd5 14. Be3 Re8 15. Qc2 Nc6 16. 0-0-0 Nb4 17. Qb3 Qd7 18. Bxc5 a5 19. a4 Rac8 20. Bxb4 axb4 21. Qxb4 Qe6 22. b3 Bf8 23. Qc3 Bh6+ 24. Kb1 Qf5+ 25. Bd3 Qxf2 26. Rhf1 Qc5 27. Qf6 Bg7 28. Qf2 Bd4 29. Qc2 Qb4 30. Be2 Qc5 31. Rxd4 Qxd4 32. Rd1 Qc5 33. Bf3 Bxf3 34. gxf3 Rc6 35. b7 Rb8 36. Qd2 Rxb7 37. Ka2 Qf8 38. Qd8 Qxd8 39. Rxd8+ Kg7 40. Na5 Re6 41. Nxb7 Re2+ 42. Ka3 Rxh2 43. a5 Rh1 44. Kb4 Ra1 45. Kb5 h5 46. b4 h4 47. Rd4 g5 48. a6 h3 49. Na5 h2 50. a7 h1Q 51. a8Q Qf1+ 52. Kb6 Qf2 53. Qd8 Rd1 0-1

[Event "Titled Tuesday intern op 11th Apr Early"]
[Site "Chess.com INT"]
[Date "2023.04.11"]
[Round "4"]
[White "Parkhov, Yair"]
[Black "Van Osch, Mees"]
[Result "1-0"]
[WhiteElo "2505"]
[BlackElo "2339"]
[PlyCount "87"]
[EventDate "2023.04.11"]
[EventType "swiss (blitz)"]
[EventRounds "11"]
[EventCountry "USA"]
[SourceTitle "CBM 213 Extra"]
[Source "ChessBase"]
[SourceDate "2023.05.31"]
[SourceVersion "1"]
[SourceVersionDate "2023.05.31"]
[SourceQuality "1"]

1. e4 c5 2. Nf3 d6 3. d4 cxd4 4. Nxd4 Nf6 5. Nc3 a6 6. Nf3 g6 7. e5 dxe5 8. Qxd8+ Kxd8 9. Nxe5 Be6 10. Bf4 Nbd7 11. 0-0-0 Rc8 12. Be2 Bg7 13. Bf3 Rc7 14. Rhe1 Kc8 15. Nd3 Rc4 16. Ne4 Nxe4 17. Rxe4 Rxe4 18. Bxe4 Rd8 19. b3 Nf6 20. Bf3 Nd5 21. Be5 Bxe5 22. Nxe5 f6 23. Nc4 Nc3 24. Bxb7+ Kc7 25. Rxd8 Kxd8 26. Kb2 Nd1+ 27. Kc1 Nc3 28. Kd2 Nxa2 29. c3 Bxc4 30. bxc4 Kc7 31. Be4 a5 32. Bb1 Nb4 33. cxb4 axb4 34. Kc2 Kd6 35. Kb3 Kc5 36. g4 e6 37. h4 f5 38. g5 e5 39. f3 Kd4 40. Kxb4 e4 41. fxe4 fxe4 42. Bxe4 Kxe4 43. c5 Kd5 44. Kb5 1-0

[Event "Titled Tuesday intern op 28th Mar Early"]
[Site "Chess.com INT"]
[Date "2023.03.28"]
[Round "7"]
[White "Van Osch, Mees"]
[Black "Clawitter, Craig"]
[Result "1-0"]
[WhiteElo "2350"]
[BlackElo "2050"]
[PlyCount "67"]
[EventDate "2023.03.28"]
[EventType "swiss (blitz)"]
[EventRounds "11"]
[EventCountry "USA"]
[SourceTitle "EXT 2024"]
[Source "ChessBase"]
[SourceDate "2023.10.10"]
[SourceVersion "1"]
[SourceVersionDate "2023.10.10"]
[SourceQuality "1"]

1. e4 e6 2. d4 d5 3. Nc3 Bb4 4. e5 c5 5. Bd2 Nh6 6. Nb5 Bxd2+ 7. Qxd2 0-0 8. f4 cxd4 9. Nf3 Nc6 10. Bd3 a6 11. Nbxd4 Nxd4 12. Nxd4 f6 13. 0-0-0 fxe5 14. fxe5 Bd7 15. h3 Rc8 16. Kb1 Qc7 17. g4 Qxe5 18. Rde1 Qf4 19. Qxf4 Rxf4 20. Nxe6 Bxe6 21. Rxe6 Nf7 22. Rhe1 Ng5 23. Re7 Rf7 24. h4 Ne4 25. Bxe4 dxe4 26. Rxf7 Kxf7 27. Rxe4 Rd8 28. Kc1 Rd5 29. c4 Rc5 30. b4 Rc6 31. Kc2 b5 32. c5 a5 33. Kc3 axb4+ 34. Kxb4 1-0

[Event "Titled Tuesday intern op 21st Mar Early"]
[Site "Chess.com INT"]
[Date "2023.03.21"]
[Round "5"]
[White "Van Osch, Mees"]
[Black "Miszler, Levente"]
[Result "1/2-1/2"]
[WhiteElo "2350"]
[BlackElo "2260"]
[PlyCount "142"]
[EventDate "2023.03.21"]
[EventType "swiss (blitz)"]
[EventRounds "11"]
[EventCountry "USA"]
[SourceTitle "EXT 2024"]
[Source "ChessBase"]
[SourceDate "2023.10.10"]
[SourceVersion "1"]
[SourceVersionDate "2023.10.10"]
[SourceQuality "1"]

1. e4 e6 2. d4 d5 3. e5 f6 4. exf6 Nxf6 5. Nf3 Bd6 6. Bd3 0-0 7. 0-0 c5 8. dxc5 Bxc5 9. Bg5 Nc6 10. Nc3 h6 11. Bh4 Qd6 12. Nb5 Qe7 13. Re1 a6 14. Nc3 Qc7 15. Bg3 Bd6 16. Bxd6 Qxd6 17. Qe2 Bd7 18. Rad1 Rae8 19. Ne5 Nxe5 20. Qxe5 Qxe5 21. Rxe5 Ng4 22. Re2 Bc6 23. f3 Nf6 24. Rde1 Kf7 25. Nd1 Nd7 26. f4 Ke7 27. Rxe6+ Kd8 28. Rxe8+ Rxe8 29. Rxe8+ Kxe8 30. c3 Ke7 31. Kf2 Nc5 32. Bc2 Ne6 33. Ke3 Kd6 34. Nf2 d4+ 35. cxd4 Bxg2 36. Be4 Bxe4 37. Nxe4+ Kd5 38. Nc3+ Kc4 39. Ne2 Kd5 40. Nc3+ Kc4 41. d5 Nc7 42. d6 Ne6 43. f5 Nd8 44. d7 Kc5 45. f6 gxf6 46. Ne4+ Kd5 47. Nxf6+ Ke6 48. Ng8 h5 49. h4 Kf7 50. Nh6+ Kg6 51. Ng8 Kf7 52. Kf4 Kxg8 53. Kg5 Kf7 54. Kxh5 Ke7 55. Kg6 Ne6 56. Kf5 Kxd7 57. Kf6 Nf4 58. Kg5 Nh3+ 59. Kg4 Nf2+ 60. Kf5 Ke7 61. h5 Kf7 62. Ke5 Nd3+ 63. Kd6 Nxb2 64. Kc7 b5 65. Kb6 b4 66. Kxa6 Kg7 67. Kb5 Nd3 68. Kc4 Nc1 69. Kxb4 Nxa2+ 70. Kb3 Kh6 71. Kxa2 Kxh5 1/2-1/2

[Event "Titled Tuesday intern op 06th Dec Early"]
[Site "Chess.com INT"]
[Date "2022.12.06"]
[Round "11"]
[White "Van Osch, Mees"]
[Black "Larina, Marija"]
[Result "1-0"]
[WhiteElo "2356"]
[BlackElo "1948"]
[PlyCount "77"]
[EventDate "2022.12.06"]
[EventType "swiss (blitz)"]
[EventRounds "11"]
[EventCountry "USA"]
[SourceTitle "CBM 211 Extra"]
[Source "ChessBase"]
[SourceDate "2023.01.31"]
[SourceVersion "1"]
[SourceVersionDate "2023.01.31"]
[SourceQuality "1"]

1. e4 c6 2. d4 d5 3. Nc3 dxe4 4. Nxe4 Nf6 5. Nxf6+ exf6 6. Nf3 Bd6 7. Bd3 0-0 8. 0-0 Bg4 9. h3 Bh5 10. g4 Bg6 11. Re1 Nd7 12. c4 Bc7 13. Nh4 Re8 14. Rxe8+ Qxe8 15. Nxg6 hxg6 16. Be3 Nf8 17. Qb3 Qd7 18. Kg2 Qd6 19. Rh1 b6 20. h4 Qd7 21. Qd1 Ne6 22. h5 Nf8 23. hxg6 fxg6 24. Qf3 Re8 25. Be4 Rxe4 26. Qxe4 f5 27. gxf5 gxf5 28. Qh4 Ng6 29. Qh7+ Kf7 30. Rh5 f4 31. Rg5 Qe6 32. Bd2 f3+ 33. Kxf3 Qf6+ 34. Kg2 Nh4+ 35. Qxh4 Bd8 36. Qh5+ Kg8 37. Rf5 Qe7 38. Re5 Qf7 39. Re8+ 1-0

[Event "Titled Tuesday intern op 29th Nov Early"]
[Site "Chess.com INT"]
[Date "2022.11.29"]
[Round "8"]
[White "Palacio, Igor Da Paz"]
[Black "Van Osch, Mees"]
[Result "0-1"]
[WhiteElo "2172"]
[BlackElo "2350"]
[PlyCount "74"]
[EventDate "2022.11.29"]
[EventType "swiss (blitz)"]
[EventRounds "11"]
[EventCountry "USA"]
[SourceTitle "EXT 2024"]
[Source "ChessBase"]
[SourceDate "2023.10.10"]
[SourceVersion "1"]
[SourceVersionDate "2023.10.10"]
[SourceQuality "1"]

1. e4 c6 2. d4 d5 3. Nd2 dxe4 4. Nxe4 Nf6 5. Nxf6+ exf6 6. c3 Bd6 7. Bd3 0-0 8. Qc2 g6 9. Ne2 Re8 10. Be3 b5 11. h4 Nd7 12. h5 Nf8 13. 0-0-0 a5 14. Bh6 f5 15. d5 cxd5 16. Bxb5 Bd7 17. Rxd5 Bxb5 18. Rxb5 a4 19. Rd1 Qe7 20. Be3 a3 21. b3 Be5 22. Bd4 Bxd4 23. Nxd4 Rac8 24. c4 Qg5+ 25. Qd2 Qxh5 26. Rd5 Qg4 27. f3 Qg3 28. Nb5 Ne6 29. Nd6 Red8 30. Nxc8 Rxc8 31. Kb1 h5 32. Rh1 Qc7 33. Rd1 Rb8 34. Rd7 Qxc4 35. Rd8+ Nxd8 36. Qxd8+ Kg7 37. Qxb8 Qc3 0-1

[Event "Titled Tuesday intern op 29th Nov Early"]
[Site "Chess.com INT"]
[Date "2022.11.29"]
[Round "10"]
[White "Van Osch, Mees"]
[Black "D'Arruda, Ricardo D"]
[Result "1-0"]
[WhiteElo "2350"]
[BlackElo "2271"]
[PlyCount "119"]
[EventDate "2022.11.29"]
[EventType "swiss (blitz)"]
[EventRounds "11"]
[EventCountry "USA"]
[SourceTitle "EXT 2024"]
[Source "ChessBase"]
[SourceDate "2023.10.10"]
[SourceVersion "1"]
[SourceVersionDate "2023.10.10"]
[SourceQuality "1"]

1. e4 c5 2. Nf3 Nc6 3. Bb5 g6 4. Bxc6 dxc6 5. d3 c4 6. dxc4 Qxd1+ 7. Kxd1 Nf6 8. Re1 Bg7 9. h3 0-0 10. Bf4 Nxe4 11. Rxe4 Bxb2 12. Be5 Bxa1 13. Bxa1 Bf5 14. Re2 Rad8+ 15. Kc1 Rfe8 16. g4 Bc8 17. Nbd2 f6 18. Ne4 Kf7 19. Bb2 b6 20. c5 Ba6 21. Re3 Rd7 22. g5 Red8 23. Bc3 Rd1+ 24. Kb2 f5 25. Ne5+ Ke8 26. Nf6+ exf6 27. Nxc6+ Kf7 28. Re7+ Kf8 29. gxf6 R8d7 30. Rxd7 Rxd7 31. Nb8 Bc8 32. Nxd7+ Bxd7 33. cxb6 axb6 34. Kb3 Be6+ 35. Kb4 Bxa2 36. Kb5 Bb1 37. Bb4+ Kf7 38. c3 Kxf6 39. Kxb6 Ke6 40. c4 Kd7 41. c5 Be4 42. Kb5 g5 43. Bd2 g4 44. h4 Bc6+ 45. Kc4 Ke6 46. Bf4 h5 47. Kd4 Bd5 48. Bd6 Bc6 49. Ke3 Bd5 50. Kf4 Bf3 51. Kg5 Be2 52. Bg3 Bd1 53. c6 Bf3 54. c7 Kd7 55. Kxf5 Be2 56. Kg5 Ba6 57. Kxh5 Bc8 58. Kg6 Ke6 59. h5 Ke7 60. Kg7 1-0

[Event "Titled Tuesday intern op 29th Nov Early"]
[Site "Chess.com INT"]
[Date "2022.11.29"]
[Round "1"]
[White "Van Osch, Mees"]
[Black "Seo, Jung Min"]
[Result "0-1"]
[WhiteElo "2350"]
[BlackElo "2507"]
[PlyCount "36"]
[EventDate "2022.11.29"]
[EventType "swiss (blitz)"]
[EventRounds "11"]
[EventCountry "USA"]
[SourceTitle "EXT 2024"]
[Source "ChessBase"]
[SourceDate "2023.10.10"]
[SourceVersion "1"]
[SourceVersionDate "2023.10.10"]
[SourceQuality "1"]

1. e4 c5 2. Nf3 d6 3. d4 cxd4 4. Nxd4 Nf6 5. Nc3 a6 6. Nb3 e5 7. Bg5 Be6 8. Qd2 Nbd7 9. 0-0-0 Qc7 10. Kb1 b5 11. f4 Be7 12. f5 Bc4 13. h3 b4 14. Bxc4 Qxc4 15. Nd5 Nxd5 16. Bxe7 Nxe7 17. Qxd6 Nf6 18. Na5 Qb5 0-1

[Event "Bundesliga 2122"]
[Site "Germany"]
[Date "2022.03.06"]
[Round "2.6"]
[White "Meier, Georg"]
[Black "Van Osch, Mees"]
[Result "1-0"]
[WhiteElo "2631"]
[BlackElo "2349"]
[PlyCount "71"]
[EventDate "2022.03.05"]
[EventType "team-tourn"]
[EventRounds "15"]
[EventCountry "GER"]
[SourceTitle "EXT 2023"]
[Source "ChessBase"]
[SourceDate "2022.10.05"]
[SourceVersion "1"]
[SourceVersionDate "2022.10.05"]
[SourceQuality "1"]
[WhiteTeam "Baden-Baden"]
[BlackTeam "Muelheim Nord"]
[WhiteTeamCountry "GER"]
[BlackTeamCountry "GER"]

1. c4 Nf6 2. Nc3 g6 3. d4 Bg7 4. Nf3 0-0 5. Bg5 c5 6. d5 d6 7. Nd2 h6 8. Bh4 g5 9. Bg3 Nh5 10. e4 Nxg3 11. hxg3 e6 12. Bd3 exd5 13. cxd5 Nd7 14. f4 a6 15. Nc4 b5 16. Nxd6 c4 17. Bc2 Qb6 18. e5 Qe3+ 19. Kf1 Nc5 20. Qf3 Qxf3+ 21. gxf3 Rd8 22. Re1 Bd7 23. Nce4 Nxe4 24. Bxe4 Rab8 25. Bf5 Rb6 26. Bxd7 Rxd6 27. exd6 Rxd7 28. Re8+ Kh7 29. fxg5 Rxd6 30. Rh5 Kg6 31. gxh6 Bxb2 32. g4 Kh7 33. Re7 Rf6 34. Ke2 c3 35. Rc7 a5 36. Rf5 1-0

[Event "Prague op-A 20th"]
[Site "Prague"]
[Date "2022.01.09"]
[Round "4"]
[White "Van Osch, Mees"]
[Black "Haring, Filip"]
[Result "0-1"]
[WhiteElo "2366"]
[BlackElo "2398"]
[PlyCount "78"]
[EventDate "2022.01.07"]
[EventType "swiss"]
[EventRounds "9"]
[EventCountry "CZE"]
[SourceTitle "CBM 206 Extra"]
[Source "ChessBase"]
[SourceDate "2022.03.31"]
[SourceVersion "1"]
[SourceVersionDate "2022.03.31"]
[SourceQuality "1"]

1. e4 c5 2. Nf3 Nc6 3. d4 cxd4 4. Nxd4 e5 5. Nb5 d6 6. N1c3 a6 7. Na3 Be6 8. Nc4 Rb8 9. g3 h5 10. h4 Nd4 11. Ne3 g6 12. Bg2 Bh6 13. Ncd5 Bxd5 14. Nxd5 Bxc1 15. Rxc1 Nf6 16. Nxf6+ Qxf6 17. c3 Nc6 18. 0-0 g5 19. hxg5 Qxg5 20. Qxd6 h4 21. Rcd1 Rd8 22. Qc7 hxg3 23. Rxd8+ Nxd8 24. Rd1 gxf2+ 25. Kxf2 Qf4+ 26. Kg1 Qh2+ 27. Kf1 Ne6 28. Qb8+ Ke7 29. Qxb7+ Kf8 30. Qb8+ Kg7 31. Qb6 Rh6 32. Rd2 Nd4 33. Qb8 Qf4+ 34. Kg1 Qe3+ 35. Rf2 Qe1+ 36. Bf1 Rg6+ 37. Kh1 Qxf2 38. Qxe5+ Kh7 39. Qh2+ Rh6 0-1